000 01034nam a2200265Ia 4500
003 OSt
005 20221005110643.0
006 a|||||r|||| 00| 0
007 ta
008 221004b |||||||| |||| 00| 0 hin d
020 _a9788126718344 (pbk)
024 _a26383
037 _bGift, 04/05/2016,
_cTextual
040 _aCRL
_cCRL
_bhin
041 _2hin
_ahin
082 _aO152,1I00:g, Q0
100 _aअग्रवाल, पुरूषोत्तम
245 0 _aअथक कहानी प्रेम की
_b कबीर की कविता और उनका समय
246 _aAthak kahānī prem kī: kabīr kī kavitā aur unakā samaya
260 _aनई दिल्ली
_bराजकमल प्रकाशन भारत
_c2010
300 _a455पृ0
_ccm.
650 _aहिन्दी साहित्य
942 _hO152,1I00:g, Q0
_cTEXL
_2cc
999 _c1019485
_d1019485